| 000 | 00000nam##2200000za#4500 |
| 001 | 9.603835 |
| 003 | CaOODSP |
| 005 | 20241210082328 |
| 007 | cr ||||||||||| |
| 008 | 150406|1998||||xxc|||||o f|0| 0 fre|d |
| 022 | |a1914-0568 |
| 040 | |aCaOODSP|bfre |
| 043 | |an-cn--- |
| 086 | 1 |aFB3-4/1998-2F-PDF |
| 110 | 2 |aBanque du Canada. |
| 245 | 10|aProjet de modification des règles régissant les adjudications de titres du gouvernement canadien et la surveillance de celles-ci par la Banque du Canada |h[ressource électronique] |
| 260 | |bBanque du Canada |
| 300 | |a41p.|btableaux |
| 490 | 1 |aDocument d’analyse de la Banque du Canada |x1914-0568|vN° 2, 8 avril 1998 |
| 590 | |a12-17-Supp|b2012-04-20 |
| 775 | 08|tProposed revisions to the rules pertaining to auctions of Government of Canada securities and the Bank of Canada's surveillance of the auction process |w(CaOODSP)9.573734 |
| 830 | #0|aDocument d’analyse de la Banque du Canada,|x1914-0568|vN° 2, 8 avril 1998|w(CaOODSP)9.501733 |
| 856 | 40|ahttp://publications.gc.ca|qPDF|s94 Ko|uhttps://publications.gc.ca/collections/Collection/FB3-3-2F.pdf|yN° 2, 8 avril 1998 |